000 02058nam a2200373Ia 4500
001 dia_5863
003 CHAP
005 20240808125652.0
007 ta
008 220117s2015 mx adbof 001 0 spa d
040 _cCHAP
_amxchpua
090 _aT.C.668
_bC67 SAI
_c2015
245 1 0 _aMiel en Yucatán /
_ccoordinadora Olivia Araceli Cortés Castillo ; colaboradores Yoshua Nayeli Argumedo Herrera...[y otras]
260 _aMéxico :
_bEl autor,
_c2015
300 _a154 páginas:
_bilustraciones, tablas, gráficas, mapas, fotos
336 _2rdacontent
_atexto
_btxt
337 _2rdamedia
_ano mediado
_bn
338 _2rdacarrier
_avolumen
_bnc
500 _aGrado: 6° año Grupo: 03 Incluye directorio
502 _aViaje de estudios
_b(SAI) --
_cUACh. Departamento de Ingeniería Agroindustrial,
_d2015
504 _aBibliografía: páginas 147-154
505 0 0 _tEmpresas visitadas: -- 1.U YICH LU´UM -- 2.Asociación Miel Exótica del Mayab, S. C. de R. L. -- 3.Sociedad de Solidaridad Social, R. L. "Apícola Maya de Yucatán" -- 4.Integradora Agroindustrial Mira , S. A. de C. V. -- 5.Tropical Honey Company, S. A. de C. V. -- 6.KO´OLEL KAAB -- 7.Centro Regional Universitario Península de Yucatán (CRUPY) -- 8.Casa del Apicultor, S. A. de C. V. -- 9.Fideicomiso Instituido en Relación a la Agricultura (FIRA) -- 10 Asociación Ganadera Local Especializada en la Apicultura de Tizimín -- 11.Productos Ecológicos del Vergel, S. P. R. de C. V. de R. L. Chan Ka Vergel
650 1 0 _aMiel y productos fabricados por abejas
_zMéxico
_zYucatán
_9157974
650 1 3 _aHoney and bee products
_9157973
_zMexico
_zYucatán
700 1 _aCortés Castillo, Olivia Araceli
_9157304
_ecoordinadora
700 1 _aArgumedo Herrera, Yoshua Nayeli
_9159577
_ecolaborador
856 4 2 _uhttp://10.13.5.2/ve/TC668SAI/TC668SAI2015-REPORTE.pdf
_yDESCARGAR REPORTE
901 _aT.C.668 C67 SAI 2015
902 _aM
905 _a5232272015 mx dnml8223123322spa16
942 _2local
942 _cVE
999 _c176822
_d176822